000 00671nam a2200253Ia 4500
003 OSt
005 20220924152311.0
006 a|||||r|||| 00| 0
007 ta
008 220923b |||||||| |||| 00| 0 ara d
024 _a341857
037 _cTextual
040 _aARTS
_cARTS
_bara
041 _2ara
_aara
082 _aQ7v, 28E1.1-.7
100 _aShafai Abu Abdullah Mohammad Au.
_9226353
245 0 _aKitab al-umm
260 _c1911
490 _vVol.1.-.2
650 _a RELIGION - HISTORY
650 _aPROPHETS
_94238
942 _hQ7v, 28E1.1-.7
_cTEXL
_2CC
999 _c469397
_d469397